Quyền trí Trung Hoa; T2

שמור ב:
מידע ביבליוגרפי
מחבר ראשי: Lãnh Thành Kim
פורמט: ספר
שפה:Undetermined
יצא לאור: Hà Nội VHTT 1997
נושאים:
תגים: הוספת תג
אין תגיות, היה/י הראשונ/ה לתייג את הרשומה!
Thư viện lưu trữ: Trung tâm Học liệu Trường Đại học Cần Thơ
LEADER 00572nam a2200193Ia 4500
001 CTU_27482
008 210402s9999 xx 000 0 und d
020 |b .000đ 
082 |a 158 
082 |b K310/T2 
100 |a Lãnh Thành Kim 
245 0 |a Quyền trí Trung Hoa; T2 
245 0 |c Lãnh Thành Kim, Ông Văn Tùng, Nguyễn Đắc Thanh 
260 |a Hà Nội 
260 |b VHTT 
260 |c 1997 
650 |a psychology. applied 
904 |i Nguyễn Quang Điền, 981110 
980 |a Trung tâm Học liệu Trường Đại học Cần Thơ